000 00927cam a2200301 a 4500
001 4788329
003 NUST
005 20220806150507.0
008 870323s1987 nyub 000 0aeng
010 _a 87045042
020 _a0060158050 :
_c$16.95
020 _a0060158344 (lim. ed.)
038 _aAzhar
040 _aDLC
_cDLC
_dDLC
043 _an-us-pa
050 0 0 _aPS3554.I398
_bZ464 1987
082 0 0 _a818.5409
_aB
_219
_bDIL
100 1 _aDillard, Annie.
_996559
245 1 3 _aAn American childhood
_cAnnie Dillard.
260 _aNew York :
_bHarper & Row,
_cc1987.
300 _a255 p. :
_bmap ;
_c25 cm.
500 _aMap on lining papers.
600 1 0 _aDillard, Annie
_xChildhood and youth.
_996560
650 0 _aAuthors, American
_y20th century
_xBiography.
_97675
651 0 _aPittsburgh (Pa.)
_xSocial life and customs.
_996561
906 _a7
_bcbc
_corignew
_d1
_eocip
_f19
_gy-gencatlg
942 _2ddc
_cLC
999 _c590786
_d590786